MARC

LEADER 00000nam0a2200000 4500
001 315727
005 20231102002815.0
035 |a (RuTPU)RU\TPU\book\341164 
035 |a RU\TPU\book\144682 
090 |a 315727 
100 |a 20160309d1979 m y0rusy50 ca 
101 0 |a rus 
102 |a RU 
105 |a a z 000zy 
200 1 |a Ничто человеческое...  |f Е. М. Богат 
210 |a Москва  |c Политиздат  |d 1979 
215 |a 415 с.  |c ил. 
225 1 |a Личность, мораль, воспитание 
225 1 |a Серия художественно-публицистических и научно-популярных изданий 
606 1 |a Этика  |2 stltpush  |3 (RuTPU)RU\TPU\subj\21461  |9 46453 
610 1 |a мораль 
610 1 |a человек 
610 1 |a личность 
610 1 |a нравственное воспитание 
686 |a Ю7  |v LBC/SL-A  |2 rubbk 
700 1 |a Богат  |b Е. М.  |g Евгений Михайлович 
801 0 |a RU  |b 63413507  |c 20011209  |g PSBO 
801 2 |a RU  |b 63413507  |c 20230131  |g PSBO 
942 |c BK